000 00660nam a22002177a 4500
003 UA-OsUOA
001 46164
007 ta
008 20120206b un ||||| |||| 00| 0 ukr d
090 _a94(477)
_bУ24
942 _cBR
040 _aUA-OsUOA
_bukr
_cUA-OsUOA
_dUA-OsUOA
245 _aУГВР проти УНР (Додаток до часопису "Мета" ч. І (42)
300 _a45 с.
955 _a4
041 _aukr
080 _a94(477)
650 7 _a9 Географія. Біографії. Історія
_2UDC
999 _c426268
_d426268